000 00322 a2200097 4500
245 0 0 _aPrzewody elektryczne. Metody badań - Starzenie w tlenie lub powietrzu pod wysokim ciśnieniem PN-73/E-04160.
246 1 3 _aPN-73/E-04160
246 1 3 _a621.315.2/3.001.4
260 _aWarszawa :
_bPKN,
_c1973.
300 _a1 stron ;
_c30 cm.
650 _aPolska norma
999 _c20117
_d20117